000 00677nam a22002057a 4500
001 4104
003 FISKH
005 20240606161817.0
008 240606b cb ||||| |||| 00| 0 eng d
020 _a9781781256992
040 _aFISKH
_bFISKH
_ceng
_dFISKH
_eRDA
050 _aHF5386
082 _a650.1
100 _aMcCormack, Mark H.
245 _aBeyond Harvard :
_bAll-new street smarts from the world of Mark H. McCormack
260 _aLondon :
_bProfile Books,
_c2017
300 _a256 pages :
_c20 cm
520 _a"All new Harvard-style street smarts from the people who knew, worked with and were influenced by Mark H. McCormack." - Library Thing
942 _2ddc
_cBK
_n0
999 _c4104
_d4104